000 00204 a2200097 4500
001 13870
100 _aVroman M E
245 _aEsther
260 _aFriderick Mulls
_bCorgi Books
_c
090 _c10840
_d10840
942 _aNUST-CAE
_cM
_c937
999 _c248943
_d248943